000 00644nam a2200253Ia 4500
003 OSt
005 20221005060547.0
006 a|||||r|||| 00| 0
007 ta
008 221004b |||||||| |||| 00| 0 eng d
020 _a0710097743
024 _a109578
037 _cTextual
040 _aCRL
_cCRL
_beng
041 _2eng
_aeng
082 _aY73.73, M5
100 _aMullard Chris
245 0 _aRace, power and resistance
260 _aLondon
_bRoutledge and Kegan Paul UK
_c1985
300 _ax,258p.
_ccm.
650 _aSOCIOLOGY
942 _hY73.73, M5
_cTEXL
_2cc
999 _c966881
_d966881